000 00767nam a22002417a 4500
003 UA-OsUOA
001 25180
007 ta
008 20040319b un ||||| |||| 00| 0 ukr d
090 _a34(094)347.918(477)
_bА79
942 _cBK
040 _aUA-OsUOA
_bukr
_cUA-OsUOA
_dUA-OsUOA
245 _aАрбітражний процесуальний кодекс України
_bОфіц. текст із змінами та доп. станом на 1 вересня 1997 р.
300 _a304 с.
955 _a0
041 _aukr
080 _a34(094)347.918(477)
020 _a966-7231-02-Х
260 _aУжгород
_bІнформаційно-видавниче агенство "ІВА"
_c1997
044 _aUA
650 7 _2UDC
999 _c311472
_d311472